| 000 | 00500nam a2200181Ia 4500 | ||
|---|---|---|---|
| 005 | 20250423100547.0 | ||
| 008 | 250422s9999 xx 000 0 und d | ||
| 020 | _a9780290656 | ||
| 050 | _aJQ 3088 .A28/ | ||
| 100 | _aAdamolekun, Ladipo | ||
| 245 | 0 | _aPolitics and administration in Nigeria | |
| 260 | _aIbadan | ||
| 260 | _bSpectrum Books | ||
| 260 | _c2004 | ||
| 300 | _a203 p | ||
| 650 | _aNigeria--Politics and government--To 1960. Nigeria--Politics and government--1960- | ||
| 942 | _cBK | ||
| 999 |
_c33675 _d33675 |
||